[Event "Dvorkovich Memorial op 4th"]
[Site "Taganrog"]
[Date "2009.08.07"]
[Round "6"]
[White "Shilyakin, Gennady"]
[Black "Belyaev, Alexander S"]
[Result "0-1"]
[WhiteElo "2081"]
[BlackElo "2073"]
[PlyCount "40"]
[EventDate "2009.08.02"]
[EventType "swiss"]
[EventRounds "9"]
[EventCountry "RUS"]
[SourceTitle "EXT 2022"]
[Source "ChessBase"]
[SourceDate "2021.10.06"]
[SourceVersion "1"]
[SourceVersionDate "2021.10.06"]
[SourceQuality "1"]

1. Nf3 c5 2. c4 Nc6 3. Nc3 e6 4. e3 d5 5. cxd5 exd5 6. d4 Nf6 7. Be2 a6 8. dxc5 Bxc5 9. 0-0 Bd6 10. Nd4 h5 11. Bf3 Bxh2+ 12. Kh1 Bc7 13. e4 Nxe4 14. g3 h4 15. Nxe4 hxg3+ 16. Kg1 dxe4 17. Nxc6 gxf2+ 18. Rxf2 Qxd1+ 19. Bxd1 bxc6 20. Bb3 Bb6 0-1

[Event "Dvorkovich Memorial op 4th"]
[Site "Taganrog"]
[Date "2009.08.02"]
[Round "1"]
[White "Belyaev, Alexander S"]
[Black "Petrov, Artur"]
[Result "0-1"]
[WhiteElo "2073"]
[BlackElo "2341"]
[PlyCount "116"]
[EventDate "2009.08.02"]
[EventType "swiss"]
[EventRounds "9"]
[EventCountry "RUS"]
[SourceTitle "EXT 2022"]
[Source "ChessBase"]
[SourceDate "2021.10.06"]
[SourceVersion "1"]
[SourceVersionDate "2021.10.06"]
[SourceQuality "1"]

1. e4 Nf6 2. e5 Nd5 3. c4 Nb6 4. d4 d6 5. exd6 cxd6 6. Nc3 g6 7. Be3 Bg7 8. Rc1 0-0 9. b3 Nc6 10. Nf3 Bg4 11. Be2 d5 12. c5 Nc8 13. 0-0 e6 14. Qd2 N8e7 15. Nh4 Bxe2 16. Nxe2 Kh8 17. b4 Ng8 18. Nf3 Nf6 19. b5 Na5 20. Qb4 Nc4 21. Bg5 h6 22. Bh4 g5 23. Bg3 Ne4 24. Rfd1 h5 25. h3 g4 26. hxg4 hxg4 27. Ne5 Nxg3 28. Nxg3 Nxe5 29. dxe5 Qg5 30. c6 bxc6 31. bxc6 Bxe5 32. c7 Rg8 33. Rc6 Rac8 34. Qc5 Rge8 35. Qxa7 Re7 36. Rdc1 Rcxc7 37. Qb8+ Kg7 38. Rxc7 Qxc1+ 39. Rxc1 Bxb8 40. Ne2 Ra7 41. Rc2 Be5 42. Kf1 f5 43. Nc1 Kf6 44. Ke2 Bd4 45. Nb3 Bb6 46. f4 Ra4 47. g3 Re4+ 48. Kf1 Re3 49. Kg2 Rf3 50. Rd2 Rc3 51. Rd1 Be3 52. Nd4 Bxd4 53. Rxd4 Rc2+ 54. Kf1 Rxa2 55. Rb4 Ra6 56. Rb8 Ke7 57. Kf2 Kd6 58. Ke3 Ra3+ 0-1